Catalytic role of amino acids in organic reactions / (Record no. 52367)

MARC details
000 -LEADER
fixed length control field 00851nam a2200289Ia 4500
005 - DATE AND TIME OF LATEST TRANSACTION
control field 20260429112113.0
008 - FIXED-LENGTH DATA ELEMENTS--GENERAL INFORMATION
fixed length control field 260429s9999||||xx |||||||||||||| ||und||
020 ## - INTERNATIONAL STANDARD BOOK NUMBER
International Standard Book Number 9781041015680
041 ## - LANGUAGE CODE
Language English
082 ## - DEWEY DECIMAL CLASSIFICATION NUMBER
Classification number 547.3
Item number TAH
100 ## - MAIN ENTRY--PERSONAL NAME
Personal name Taherinia, Zahra
245 #0 - TITLE STATEMENT
Title Catalytic role of amino acids in organic reactions /
Statement of responsibility, etc Zahra Taherinia
250 ## - EDITION STATEMENT
Edition statement 1st ed.
260 ## - PUBLICATION, DISTRIBUTION, ETC. (IMPRINT)
Place of publication, distribution, etc Boca Raton :
Name of publisher, distributor, etc CRC Press,
Date of publication, distribution, etc 2025.
300 ## - PHYSICAL DESCRIPTION
Extent xv, 344 p.; hb
440 ## - SERIES STATEMENT/ADDED ENTRY--TITLE
Title New directions in organic and viological chemistry
650 ## - SUBJECT ADDED ENTRY--TOPICAL TERM
Topical term or geographic name as entry element Amino acids
650 ## - SUBJECT ADDED ENTRY--TOPICAL TERM
Topical term or geographic name as entry element Catalytic role
650 ## - SUBJECT ADDED ENTRY--TOPICAL TERM
Topical term or geographic name as entry element Organic reactions
700 ## - ADDED ENTRY--PERSONAL NAME
Personal name Ghorbani-Choghamarani, Arash
700 ## - ADDED ENTRY--PERSONAL NAME
Personal name Heidarnezhad, Zahra
700 ## - ADDED ENTRY--PERSONAL NAME
Personal name Khanmohammadi-Sarabi, Farad
700 ## - ADDED ENTRY--PERSONAL NAME
Personal name Moradi, Zahra
700 ## - ADDED ENTRY--PERSONAL NAME
Personal name Zolfigol, Mohammad Ali
700 ## - ADDED ENTRY--PERSONAL NAME
Personal name Page, Philip
942 ## - ADDED ENTRY ELEMENTS (KOHA)
Koha item type Text Books
Holdings
Withdrawn status Lost status Damaged status Not for loan Collection code Home library Location Shelving location Date of Cataloging Source of acquisition Total Checkouts Full call number Barcode Date last seen Price effective from Koha item type
        Non-fiction CUTN Central Library CUTN Central Library Sciences 29/04/2026 CBS Publishers & Distributors, New Delhi - Invoice No. COR/IN/26/11710 on   547.3 TAH 57443 29/04/2026 29/04/2026 Text Books